01029nam a2200253 a 450000100100000000500170001000800410002702000150006804000250008304100180010810000360012624501010016226000720026330000240033549000470035954600570040650000320046350500170049570000370051271000470054983000540059695201080065099900170075800004198020201002035850.0131028s1989 sp 001 0 spa d a8400070151 aDO-SdBNPbspacBNPHU17aspabenghfre1 aRomero Martín, Tomás96891810aFlora de la cuenca del río Duratón :b /cTomás Romero Martín, Enrique Rico Hernández. aMadrid :bConsejo Superior de Investigaciones Científicas,c1989. av. :bil. ;c24 cm.1 aMonografías del Real Jardín Botánico atextos en inglés, Francé , Portugues y español aLa biblioteca posee el v. 82 av. 8tRuizia1 aRico Hernández, Enrique9689192 aReal Jardín Botánico (España)965519 0aMonografías del Real Jardín Botánico968920 001050718MOaGRbGRcCTd2013-10-28iLF1l0ov. 8p41980-10r2020-06-25w2020-06-25y1ZNo se presta c41469d41469